[Event "DVM U12 2022"]
[Site "München GER"]
[Date "2022.12.27"]
[Round "1"]
[White "Aweh, Mads"]
[Black "Lu, Yunong Elias"]
[Result "0-1"]
[Termination "normal"]
[Board "3.1"]
[WhiteElo "1477"]
[BlackElo "1678"]
[WhiteClock "00:20:25"]
[BlackClock "00:24:57"]
[WhiteTeam "SSV Vimaria 91 Weimar"]
[BlackTeam "Hamburger SK von 1830"]
[PlyCount "94"]
[WhiteFideId "34604278"]
[BlackFideId "16276426"]
[EventCountry "GER"]
[EventRounds "7"]
[EventType "team-swiss"]
[EventDate "2022.12.26"]

1. e4 {[%clk 01:30:40]} {[%emt 00:00:18]} e5 {[%clk 01:30:48]} {[%emt
00:00:13]} 2. Nf3 {[%clk 01:30:21]} {[%emt 00:00:49]} Nc6 {[%clk 01:31:08]}
{[%emt 00:00:09]} 3. Bc4 {[%clk 01:29:58]} {[%emt 00:00:53]} Nf6 {[%clk
01:31:27]} {[%emt 00:00:11]} 4. d3 {[%clk 01:29:14]} {[%emt 00:01:15]} Be7
{[%clk 01:31:25]} {[%emt 00:00:32]} 5. Be3 {[%clk 01:26:38]} {[%emt 00:03:06]}
d6 {[%clk 01:30:29]} {[%emt 00:01:27]} 6. O-O {[%clk 01:24:01]} {[%emt
00:03:07]} h6 {[%clk 01:30:12]} {[%emt 00:00:46]} 7. a3 {[%clk 01:21:18]}
{[%emt 00:03:14]} O-O {[%clk 01:28:58]} {[%emt 00:01:44]} 8. Nc3 {[%clk
01:18:26]} {[%emt 00:03:22]} Bg4 {[%clk 01:27:51]} {[%emt 00:01:36]} 9. Kh1
{[%clk 01:15:12]} {[%emt 00:03:45]} Qd7 {[%clk 01:22:53]} {[%emt 00:05:28]} 10.
h3 {[%clk 01:12:38]} {[%emt 00:03:04]} Bh5 {[%clk 01:22:46]} {[%emt 00:00:37]}
11. Kh2 {[%clk 01:10:31]} {[%emt 00:02:37]} Nd4 {[%clk 01:21:07]} {[%emt
00:02:09]} 12. Bxd4 {[%clk 01:00:36]} {[%emt 00:10:25]} exd4 {[%clk 01:20:56]}
{[%emt 00:00:40]} 13. Ne2 {[%clk 00:55:26]} {[%emt 00:05:41]} c5 {[%clk
01:19:19]} {[%emt 00:02:07]} 14. Nf4 {[%clk 00:54:43]} {[%emt 00:01:13]} Bxf3
{[%clk 01:18:38]} {[%emt 00:01:11]} 15. Qxf3 {[%clk 00:54:40]} {[%emt
00:00:32]} Kh8 {[%clk 01:18:03]} {[%emt 00:01:05]} 16. Nd5 {[%clk 00:53:56]}
{[%emt 00:01:14]} Nxd5 {[%clk 01:18:22]} {[%emt 00:00:11]} 17. Bxd5 {[%clk
00:54:20]} {[%emt 00:00:06]} f5 {[%clk 01:17:54]} {[%emt 00:00:59]} 18. Rae1
{[%clk 00:53:45]} {[%emt 00:01:04]} f4 {[%clk 01:08:11]} {[%emt 00:10:14]} 19.
Qd1 {[%clk 00:51:36]} {[%emt 00:02:39]} Bf6 {[%clk 01:08:20]} {[%emt 00:00:20]}
20. Qa1 {[%clk 00:49:19]} {[%emt 00:02:47]} Rae8 {[%clk 01:06:29]} {[%emt
00:02:21]} 21. Qa2 {[%clk 00:49:14]} {[%emt 00:00:36]} Re5 {[%clk 01:06:00]}
{[%emt 00:00:59]} 22. Qb3 {[%clk 00:47:46]} {[%emt 00:01:59]} b6 {[%clk
01:06:08]} {[%emt 00:00:22]} 23. a4 {[%clk 00:44:32]} {[%emt 00:03:43]} f3
{[%clk 01:05:33]} {[%emt 00:01:04]} 24. g3 {[%clk 00:43:25]} {[%emt 00:01:38]}
Bd8 {[%clk 01:00:04]} {[%emt 00:05:59]} 25. Qb5 {[%clk 00:41:49]} {[%emt
00:02:06]} Qe7 {[%clk 00:59:46]} {[%emt 00:00:47]} 26. Rh1 {[%clk 00:39:22]}
{[%emt 00:02:56]} Rg5 {[%clk 00:58:05]} {[%emt 00:02:11]} 27. Rhg1 {[%clk
00:36:05]} {[%emt 00:03:48]} Rh5 {[%clk 00:56:22]} {[%emt 00:02:14]} 28. Rh1
{[%clk 00:35:40]} {[%emt 00:00:55]} Rf4 {[%clk 00:55:13]} {[%emt 00:01:40]} 29.
Kg1 {[%clk 00:32:35]} {[%emt 00:03:35]} Rf6 {[%clk 00:47:52]} {[%emt 00:07:50]}
30. Qc6 {[%clk 00:29:44]} {[%emt 00:03:21]} Kh7 {[%clk 00:47:51]} {[%emt
00:00:31]} 31. Qb7 {[%clk 00:28:33]} {[%emt 00:01:41]} Qe8 {[%clk 00:45:25]}
{[%emt 00:02:56]} 32. Qc6 {[%clk 00:27:30]} {[%emt 00:01:33]} Qf8 {[%clk
00:44:26]} {[%emt 00:01:29]} 33. Qd7 {[%clk 00:26:59]} {[%emt 00:01:01]} Rg5
{[%clk 00:40:34]} {[%emt 00:04:22]} 34. g4 {[%clk 00:26:23]} {[%emt 00:01:07]}
Re5 {[%clk 00:40:13]} {[%emt 00:00:51]} 35. Kf1 {[%clk 00:24:55]} {[%emt
00:01:58]} Re7 {[%clk 00:39:34]} {[%emt 00:01:09]} 36. Qb5 {[%clk 00:25:09]}
{[%emt 00:00:17]} Kh8 {[%clk 00:35:03]} {[%emt 00:05:01]} 37. Rd1 {[%clk
00:24:36]} {[%emt 00:01:03]} Rg6 {[%clk 00:34:12]} {[%emt 00:01:18]} 38. Qb3
{[%clk 00:23:42]} {[%emt 00:01:26]} Qf4 {[%clk 00:33:07]} {[%emt 00:01:35]} 39.
Qa2 {[%clk 00:22:15]} {[%emt 00:01:56]} Re5 {[%clk 00:33:10]} {[%emt 00:00:28]}
40. Bf7 {[%clk 00:21:49]} {[%emt 00:00:56]} Rf6 {[%clk 00:33:08]} {[%emt
00:00:33]} 41. Bd5 {[%clk 00:21:10]} {[%emt 00:01:09]} Rf8 {[%clk 00:32:19]}
{[%emt 00:01:19]} 42. Qb1 {[%clk 00:20:50]} {[%emt 00:00:50]} Bg5 {[%clk
00:32:37]} {[%emt 00:00:11]} 43. Qa2 {[%clk 00:20:14]} {[%emt 00:01:06]} Bh4
{[%clk 00:24:56]} {[%emt 00:08:11]} 44. Re1 {[%clk 00:19:47]} {[%emt 00:00:58]}
Bxf2 {[%clk 00:24:10]} {[%emt 00:01:16]} 45. Kxf2 {[%clk 00:20:10]} {[%emt
00:00:06]} Qd2 {[%clk 00:24:33]} {[%emt 00:00:07]} 46. Kg3 {[%clk 00:20:26]}
{[%emt 00:00:14]} Qg2 {[%clk 00:24:57]} {[%emt 00:00:06]} 47. Kh4 {[%clk
00:20:25]} {[%emt 00:00:31]} Qf2# {[%emt 00:00:05]} 0-1

[Event "DVM U12 2022"]
[Site "München GER"]
[Date "2022.12.27"]
[Round "1"]
[White "Braun, Julian"]
[Black "Kalinin, Alexej"]
[Result "1-0"]
[Termination "normal"]
[Board "3.2"]
[WhiteElo "1683"]
[BlackElo "1330"]
[WhiteClock "00:45:41"]
[BlackClock "00:06:54"]
[WhiteTeam "Hamburger SK von 1830"]
[BlackTeam "SSV Vimaria 91 Weimar"]
[PlyCount "43"]
[WhiteFideId "16289293"]
[BlackFideId "34617167"]
[EventCountry "GER"]
[EventRounds "7"]
[EventType "team-swiss"]
[EventDate "2022.12.26"]

1. e4 {[%clk 01:30:59]} {[%emt 00:00:01]} d5 {[%clk 01:30:53]} {[%emt
00:00:07]} 2. exd5 {[%clk 01:31:26]} {[%emt 00:00:03]} Qxd5 {[%clk 01:31:06]}
{[%emt 00:00:16]} 3. Nc3 {[%clk 01:31:49]} {[%emt 00:00:08]} Qa5 {[%clk
01:31:04]} {[%emt 00:00:32]} 4. d4 {[%clk 01:32:18]} {[%emt 00:00:02]} Nf6
{[%clk 01:30:58]} {[%emt 00:00:35]} 5. Nf3 {[%clk 01:32:38]} {[%emt 00:00:10]}
Bf5 {[%clk 01:29:13]} {[%emt 00:02:14]} 6. Bc4 {[%clk 01:32:47]} {[%emt
00:00:22]} e6 {[%clk 01:27:43]} {[%emt 00:02:00]} 7. O-O {[%clk 01:32:57]}
{[%emt 00:00:19]} Bd6 {[%clk 01:26:48]} {[%emt 00:01:25]} 8. Bd2 {[%clk
01:28:57]} {[%emt 00:04:31]} c6 {[%clk 01:26:16]} {[%emt 00:01:01]} 9. Re1
{[%clk 01:24:27]} {[%emt 00:05:00]} Qc7 {[%clk 01:19:04]} {[%emt 00:07:42]} 10.
Bg5 {[%clk 01:18:26]} {[%emt 00:06:32]} Nbd7 {[%clk 01:16:32]} {[%emt
00:03:02]} 11. d5 {[%clk 01:13:38]} {[%emt 00:05:18]} cxd5 {[%clk 01:14:25]}
{[%emt 00:02:36]} 12. Nb5 {[%clk 01:13:20]} {[%emt 00:00:48]} Qb8 {[%clk
01:00:42]} {[%emt 00:14:07]} 13. Bxd5 {[%clk 01:09:27]} {[%emt 00:04:30]} Be7
{[%clk 00:48:11]} {[%emt 00:13:01]} 14. Bb3 {[%clk 01:07:29]} {[%emt 00:02:27]}
O-O {[%clk 00:42:47]} {[%emt 00:05:54]} 15. Nbd4 {[%clk 01:06:21]} {[%emt
00:01:39]} Qd8 {[%clk 00:26:04]} {[%emt 00:17:13]} 16. Nxf5 {[%clk 01:02:07]}
{[%emt 00:04:43]} exf5 {[%clk 00:25:53]} {[%emt 00:00:41]} 17. Nd4 {[%clk
00:59:48]} {[%emt 00:02:50]} h6 {[%clk 00:25:38]} {[%emt 00:00:45]} 18. Nxf5
{[%clk 00:57:52]} {[%emt 00:02:26]} Bc5 {[%clk 00:23:02]} {[%emt 00:03:05]} 19.
Bh4 {[%clk 00:55:00]} {[%emt 00:03:22]} Qb6 {[%clk 00:17:34]} {[%emt 00:05:58]}
20. Qf3 {[%clk 00:51:30]} {[%emt 00:04:00]} Rfe8 {[%clk 00:12:44]} {[%emt
00:05:20]} 21. Qg3 {[%clk 00:45:33]} {[%emt 00:06:28]} Nh5 {[%clk 00:06:54]}
{[%emt 00:06:19]} 22. Qg4 {[%clk 00:45:41]} {[%emt 00:00:21]} 1-0

[Event "DVM U12 2022"]
[Site "München GER"]
[Date "2022.12.27"]
[Round "1"]
[White "Kirsch, Jamie"]
[Black "Haertel, Leon"]
[Result "0-1"]
[Termination "normal"]
[Board "3.3"]
[WhiteElo "1148"]
[BlackElo "1265"]
[WhiteClock "00:09:59"]
[BlackClock "01:20:18"]
[WhiteTeam "SSV Vimaria 91 Weimar"]
[BlackTeam "Hamburger SK von 1830"]
[PlyCount "106"]
[WhiteFideId "34640460"]
[BlackFideId "34623736"]
[EventCountry "GER"]
[EventRounds "7"]
[EventType "team-swiss"]
[EventDate "2022.12.26"]

1. d4 {[%clk 01:30:57]} {[%emt 00:00:03]} d5 {[%clk 01:30:56]} {[%emt
00:00:04]} 2. Nf3 {[%clk 01:31:17]} {[%emt 00:00:09]} Nf6 {[%clk 01:31:17]}
{[%emt 00:00:09]} 3. e3 {[%clk 01:31:31]} {[%emt 00:00:17]} e6 {[%clk
01:31:41]} {[%emt 00:00:06]} 4. Bd3 {[%clk 01:31:35]} {[%emt 00:00:24]} c5
{[%clk 01:32:05]} {[%emt 00:00:08]} 5. b3 {[%clk 01:30:09]} {[%emt 00:01:55]}
Nc6 {[%clk 01:31:26]} {[%emt 00:01:10]} 6. Bb5 {[%clk 01:25:41]} {[%emt
00:04:56]} Qa5 {[%clk 01:29:49]} {[%emt 00:02:09]} 7. Qd2 {[%clk 01:16:18]}
{[%emt 00:09:53]} Qxb5 {[%clk 01:29:37]} {[%emt 00:00:42]} 8. Na3 {[%clk
01:08:52]} {[%emt 00:07:54]} Qb6 {[%clk 01:28:41]} {[%emt 00:01:21]} 9. O-O
{[%clk 00:53:01]} {[%emt 00:16:27]} cxd4 {[%clk 01:27:12]} {[%emt 00:02:00]}
10. exd4 {[%clk 00:50:29]} {[%emt 00:03:02]} Bd6 {[%clk 01:27:11]} {[%emt
00:00:31]} 11. Re1 {[%clk 00:48:26]} {[%emt 00:02:32]} O-O {[%clk 01:26:44]}
{[%emt 00:00:59]} 12. Bb2 {[%clk 00:46:57]} {[%emt 00:01:58]} Ne4 {[%clk
01:26:22]} {[%emt 00:00:53]} 13. Qe2 {[%clk 00:42:44]} {[%emt 00:04:39]} a6
{[%clk 01:22:41]} {[%emt 00:04:15]} 14. c4 {[%clk 00:39:16]} {[%emt 00:03:55]}
Qc7 {[%clk 01:21:06]} {[%emt 00:02:05]} 15. g3 {[%clk 00:36:20]} {[%emt
00:03:29]} f5 {[%clk 01:19:24]} {[%emt 00:02:12]} 16. Rac1 {[%clk 00:34:59]}
{[%emt 00:01:50]} Qf7 {[%clk 01:18:25]} {[%emt 00:01:29]} 17. Ne5 {[%clk
00:31:41]} {[%emt 00:03:48]} Nxe5 {[%clk 01:17:20]} {[%emt 00:01:35]} 18. dxe5
{[%clk 00:31:55]} {[%emt 00:00:15]} Bc5 {[%clk 01:17:48]} {[%emt 00:00:03]} 19.
Kg2 {[%clk 00:29:45]} {[%emt 00:02:38]} Bxf2 {[%clk 01:17:37]} {[%emt
00:00:44]} 20. Rf1 {[%clk 00:27:43]} {[%emt 00:02:31]} Bb6 {[%clk 01:15:44]}
{[%emt 00:02:24]} 21. Nb1 {[%clk 00:21:08]} {[%emt 00:07:04]} Bd7 {[%clk
01:15:48]} {[%emt 00:00:26]} 22. Nd2 {[%clk 00:19:04]} {[%emt 00:02:32]} Nxd2
{[%clk 01:16:03]} {[%emt 00:00:18]} 23. Qxd2 {[%clk 00:19:24]} {[%emt
00:00:10]} dxc4 {[%clk 01:16:14]} {[%emt 00:00:20]} 24. Bd4 {[%clk 00:18:35]}
{[%emt 00:01:17]} Bc6 {[%clk 01:16:33]} {[%emt 00:00:12]} 25. Kg1 {[%clk
00:18:24]} {[%emt 00:00:41]} Rad8 {[%clk 01:16:42]} {[%emt 00:00:22]} 26. Rxc4
{[%clk 00:18:14]} {[%emt 00:00:40]} Rxd4 {[%clk 01:16:30]} {[%emt 00:00:42]}
27. Rxd4 {[%clk 00:18:30]} {[%emt 00:00:14]} Rd8 {[%clk 01:16:52]} {[%emt
00:00:08]} 28. Rff4 {[%clk 00:18:11]} {[%emt 00:00:48]} g5 {[%clk 01:16:43]}
{[%emt 00:00:41]} 29. Kf1 {[%clk 00:15:03]} {[%emt 00:03:37]} Rxd4 {[%clk
01:15:19]} {[%emt 00:01:55]} 30. Rxd4 {[%clk 00:15:13]} {[%emt 00:00:19]} Bxd4
{[%clk 01:15:29]} 31. Qxd4 {[%clk 00:15:13]} Qd7 {[%clk 01:15:29]} 32. Qxd7
{[%clk 00:15:13]} Bxd7 {[%clk 01:15:29]} 33. Kf2 {[%clk 00:15:03]} {[%emt
00:02:25]} Kf7 {[%clk 01:16:21]} 34. Ke3 {[%clk 00:15:01]} {[%emt 00:00:45]}
Bc6 {[%clk 01:16:39]} 35. a4 {[%clk 00:13:58]} {[%emt 00:01:44]} Bd5 {[%clk
01:16:52]} 36. b4 {[%clk 00:13:58]} Kg6 {[%clk 01:16:52]} 37. Kf2 {[%clk
00:10:51]} {[%emt 00:04:33]} h5 {[%clk 01:16:33]} 38. h4 {[%clk 00:10:58]}
{[%emt 00:01:34]} gxh4 {[%clk 01:16:53]} {[%emt 00:00:10]} 39. gxh4 {[%clk
00:11:22]} {[%emt 00:00:06]} f4 {[%clk 01:17:19]} {[%emt 00:00:04]} 40. b5
{[%clk 00:09:57]} {[%emt 00:01:55]} axb5 {[%emt 00:00:40]} 41. axb5 {[%clk
00:10:19]} {[%emt 00:00:06]} Kf5 {[%clk 01:17:39]} {[%emt 00:00:03]} 42. b6
{[%clk 00:10:18]} {[%emt 00:00:30]} Kxe5 {[%clk 01:17:29]} {[%emt 00:00:41]}
43. Ke2 {[%clk 00:10:12]} {[%emt 00:00:36]} Kd4 {[%clk 01:17:19]} {[%emt
00:00:39]} 44. Kf2 {[%clk 00:10:25]} {[%emt 00:00:17]} Kd3 {[%clk 01:17:41]}
{[%emt 00:00:08]} 45. Ke1 {[%clk 00:10:26]} {[%emt 00:00:30]} f3 {[%clk
01:17:56]} {[%emt 00:00:15]} 46. Kf2 {[%clk 00:10:24]} {[%emt 00:00:30]} Kd2
{[%clk 01:18:18]} {[%emt 00:00:09]} 47. Kf1 {[%clk 00:10:37]} {[%emt 00:00:17]}
Bc4 {[%clk 01:18:42]} {[%emt 00:00:07]} 48. Kf2 {[%clk 00:10:46]} {[%emt
00:00:19]} Be2 {[%clk 01:18:58]} {[%emt 00:00:15]} 49. Kg3 {[%clk 00:09:29]}
{[%emt 00:01:45]} Ke3 {[%clk 01:19:06]} {[%emt 00:00:24]} 50. Kh2 {[%clk
00:09:28]} {[%emt 00:00:30]} f2 {[%clk 01:19:25]} {[%emt 00:00:13]} 51. Kg3
{[%clk 00:09:38]} {[%emt 00:00:18]} f1=Q {[%clk 01:19:38]} {[%emt 00:00:18]}
52. Kh2 {[%clk 00:09:52]} {[%emt 00:00:14]} Qf2 {[%clk 01:19:57]} {[%emt
00:00:12]} 53. Kh1 {[%clk 00:09:59]} {[%emt 00:00:23]} Bf3# {[%clk 01:20:18]}
{[%emt 00:00:09]} 0-1

[Event "DVM U12 2022"]
[Site "München GER"]
[Date "2022.12.27"]
[Round "1"]
[White "Heil, Felix"]
[Black "Berbig, Georg"]
[Result "1-0"]
[Termination "normal"]
[Board "3.4"]
[WhiteElo "1395"]
[BlackElo "1118"]
[WhiteClock "01:10:36"]
[BlackClock "00:55:26"]
[WhiteTeam "Hamburger SK von 1830"]
[BlackTeam "SSV Vimaria 91 Weimar"]
[PlyCount "93"]
[WhiteFideId "34604901"]
[BlackFideId "34640401"]
[EventCountry "GER"]
[EventRounds "7"]
[EventType "team-swiss"]
[EventDate "2022.12.26"]

1. e4 {[%clk 01:30:57]} {[%emt 00:00:02]} d5 {[%clk 01:30:43]} {[%emt
00:00:18]} 2. exd5 {[%clk 01:31:13]} {[%emt 00:00:14]} Qxd5 {[%clk 01:30:57]}
{[%emt 00:00:16]} 3. Nc3 {[%clk 01:31:35]} {[%emt 00:00:07]} Qa5 {[%clk
01:31:13]} {[%emt 00:00:14]} 4. d4 {[%clk 01:31:51]} {[%emt 00:00:14]} Nf6
{[%clk 01:31:12]} {[%emt 00:00:31]} 5. Bc4 {[%clk 01:31:48]} {[%emt 00:00:32]}
Bf5 {[%clk 01:30:00]} {[%emt 00:01:43]} 6. Bd2 {[%clk 01:31:58]} {[%emt
00:00:20]} c6 {[%clk 01:29:35]} {[%emt 00:00:55]} 7. Nd5 {[%clk 01:30:13]}
{[%emt 00:02:15]} Qd8 {[%clk 01:29:45]} {[%emt 00:00:20]} 8. Nxf6 {[%clk
01:30:28]} {[%emt 00:00:14]} gxf6 {[%clk 01:29:16]} {[%emt 00:01:00]} 9. Nf3
{[%clk 01:29:16]} {[%emt 00:01:42]} e6 {[%clk 01:28:25]} {[%emt 00:01:20]} 10.
O-O {[%clk 01:29:08]} {[%emt 00:00:38]} Bd6 {[%clk 01:27:16]} {[%emt 00:01:37]}
11. Re1 {[%clk 01:28:57]} {[%emt 00:00:42]} Nd7 {[%clk 01:22:58]} {[%emt
00:04:48]} 12. c3 {[%clk 01:28:28]} {[%emt 00:01:00]} Qe7 {[%clk 01:18:53]}
{[%emt 00:04:35]} 13. h3 {[%clk 01:25:35]} {[%emt 00:03:23]} O-O-O {[%clk
01:15:10]} {[%emt 00:04:11]} 14. a4 {[%clk 01:25:50]} {[%emt 00:00:16]} Rdg8
{[%clk 01:14:41]} {[%emt 00:00:59]} 15. Kh1 {[%clk 01:25:14]} {[%emt 00:01:06]}
e5 {[%clk 01:12:30]} {[%emt 00:02:41]} 16. a5 {[%clk 01:23:59]} {[%emt
00:01:47]} e4 {[%clk 01:11:14]} {[%emt 00:01:45]} 17. Ng1 {[%clk 01:23:16]}
{[%emt 00:01:12]} h5 {[%clk 01:09:02]} {[%emt 00:02:42]} 18. a6 {[%clk
01:23:10]} {[%emt 00:00:36]} b6 {[%clk 01:09:07]} {[%emt 00:00:25]} 19. b4
{[%clk 01:23:18]} {[%emt 00:00:22]} b5 {[%clk 01:08:22]} {[%emt 00:01:14]} 20.
Be2 {[%clk 01:23:05]} {[%emt 00:00:43]} Qe6 {[%clk 01:01:58]} {[%emt 00:06:53]}
21. Bf1 {[%clk 01:22:04]} {[%emt 00:01:33]} Bg4 {[%clk 00:57:48]} {[%emt
00:04:40]} 22. Qc2 {[%clk 01:12:27]} {[%emt 00:10:06]} Bf5 {[%clk 00:56:59]}
{[%emt 00:01:18]} 23. Qa2 {[%clk 01:12:02]} {[%emt 00:00:57]} Qxa2 {[%clk
00:56:38]} {[%emt 00:00:50]} 24. Rxa2 {[%clk 01:12:22]} {[%emt 00:00:10]} Nb6
{[%clk 00:56:42]} {[%emt 00:00:27]} 25. f3 {[%clk 01:12:13]} {[%emt 00:00:39]}
exf3 {[%clk 00:56:40]} {[%emt 00:00:33]} 26. Nxf3 {[%clk 01:12:31]} {[%emt
00:00:12]} Be6 {[%clk 00:56:13]} {[%emt 00:00:56]} 27. Raa1 {[%clk 01:12:44]}
{[%emt 00:00:17]} Nc4 {[%clk 00:56:11]} {[%emt 00:00:33]} 28. Bxc4 {[%clk
01:12:55]} {[%emt 00:00:18]} Bxc4 {[%clk 00:56:32]} {[%emt 00:00:09]} 29. Bc1
{[%clk 01:10:37]} {[%emt 00:02:49]} Rg3 {[%clk 00:56:12]} {[%emt 00:00:49]} 30.
Nd2 {[%clk 01:09:45]} {[%emt 00:01:22]} Bd5 {[%clk 00:55:49]} {[%emt 00:00:54]}
31. Ne4 {[%clk 01:09:35]} {[%emt 00:00:39]} Bxe4 {[%clk 00:55:52]} {[%emt
00:00:27]} 32. Rxe4 {[%clk 01:09:50]} {[%emt 00:00:15]} Rxc3 {[%clk 00:56:13]}
{[%emt 00:00:09]} 33. Bf4 {[%clk 01:09:52]} {[%emt 00:00:28]} Bxb4 {[%clk
00:56:07]} {[%emt 00:00:37]} 34. d5 {[%clk 01:09:52]} {[%emt 00:00:29]} c5
{[%clk 00:55:30]} {[%emt 00:01:06]} 35. d6 {[%clk 01:09:16]} {[%emt 00:01:07]}
Rd3 {[%clk 00:55:23]} {[%emt 00:00:37]} 36. Re7 {[%clk 01:08:59]} {[%emt
00:00:46]} c4 {[%clk 00:54:28]} {[%emt 00:01:25]} 37. Rxa7 {[%clk 01:08:46]}
{[%emt 00:00:43]} Bxd6 {[%clk 00:54:36]} {[%emt 00:00:23]} 38. Bxd6 {[%clk
01:08:50]} {[%emt 00:00:25]} Rxd6 {[%clk 00:53:53]} {[%emt 00:01:14]} 39. Ra8
{[%clk 01:09:13]} {[%emt 00:00:07]} Kc7 {[%clk 00:54:16]} {[%emt 00:00:06]} 40.
Rxh8 {[%clk 01:09:33]} {[%emt 00:00:11]} c3 {[%clk 00:54:38]} {[%emt 00:00:08]}
41. a7 {[%clk 01:09:27]} {[%emt 00:00:35]} c2 {[%clk 00:54:36]} {[%emt
00:00:32]} 42. Rc8 {[%clk 01:09:27]} {[%emt 00:00:30]} Kxc8 {[%clk 00:54:39]}
{[%emt 00:00:28]} 43. a8=Q {[%clk 01:09:40]} {[%emt 00:00:16]} Kc7 {[%clk
00:54:50]} {[%emt 00:00:20]} 44. Qa7 {[%clk 01:09:53]} {[%emt 00:00:16]} Kc6
{[%clk 00:55:01]} {[%emt 00:00:19]} 45. Ra6 {[%clk 01:10:05]} {[%emt 00:00:18]}
Kd5 {[%clk 00:55:01]} {[%emt 00:00:30]} 46. Rxd6 {[%clk 01:10:25]} {[%emt
00:00:10]} Kxd6 {[%clk 00:55:26]} {[%emt 00:00:07]} 47. Qd4 {[%clk 01:10:36]}
{[%emt 00:00:19]} 1-0

[Event "DVM U12 2022"]
[Site "München GER"]
[Date "2022.12.27"]
[Round "1"]
[White "Türel, Tugrul"]
[Black "Park, Manuel"]
[Result "1-0"]
[Termination "normal"]
[Board "4.1"]
[WhiteElo "1605"]
[BlackElo "1491"]
[WhiteClock "00:30:04"]
[BlackClock "01:12:03"]
[WhiteTeam "SF München"]
[BlackTeam "SC Kirchheim/Teck"]
[PlyCount "57"]
[WhiteFideId "26338408"]
[BlackFideId "34629114"]
[EventCountry "GER"]
[EventRounds "7"]
[EventType "team-swiss"]
[EventDate "2022.12.26"]

1. e4 {[%clk 01:30:56]} {[%emt 00:00:03]} e5 {[%clk 01:30:25]} {[%emt
00:00:36]} 2. Nf3 {[%clk 01:31:20]} {[%emt 00:00:05]} Nc6 {[%clk 01:30:42]}
{[%emt 00:00:13]} 3. Bc4 {[%clk 01:31:43]} {[%emt 00:00:07]} Nf6 {[%clk
01:31:06]} {[%emt 00:00:06]} 4. d3 {[%clk 01:32:06]} {[%emt 00:00:08]} Be7
{[%clk 01:31:17]} {[%emt 00:00:19]} 5. c3 {[%clk 01:28:23]} {[%emt 00:04:13]}
d5 {[%clk 01:31:35]} {[%emt 00:00:12]} 6. exd5 {[%clk 01:28:36]} {[%emt
00:00:17]} Nxd5 {[%clk 01:31:50]} {[%emt 00:00:14]} 7. O-O {[%clk 01:25:58]}
{[%emt 00:03:07]} Bf5 {[%clk 01:24:38]} {[%emt 00:07:43]} 8. Qb3 {[%clk
01:19:33]} {[%emt 00:06:54]} Na5 {[%clk 01:23:19]} {[%emt 00:01:50]} 9. Qa4
{[%clk 01:19:55]} {[%emt 00:00:07]} c6 {[%clk 01:23:31]} {[%emt 00:00:19]} 10.
Bxd5 {[%clk 01:02:11]} {[%emt 00:18:14]} Qxd5 {[%clk 01:23:12]} {[%emt
00:00:49]} 11. Re1 {[%clk 01:01:45]} {[%emt 00:00:56]} f6 {[%clk 01:20:39]}
{[%emt 00:03:03]} 12. b4 {[%clk 01:01:42]} {[%emt 00:00:33]} b5 {[%clk
01:18:48]} {[%emt 00:02:22]} 13. Qxa5 {[%clk 01:01:42]} {[%emt 00:00:30]} Bd8
{[%clk 01:19:14]} {[%emt 00:00:03]} 14. Qa3 {[%clk 01:01:44]} {[%emt 00:00:27]}
Bg4 {[%clk 01:19:38]} {[%emt 00:00:07]} 15. Nbd2 {[%clk 01:00:30]} {[%emt
00:01:44]} Qxd3 {[%clk 01:18:12]} {[%emt 00:01:56]} 16. c4 {[%clk 00:59:55]}
{[%emt 00:01:04]} bxc4 {[%clk 01:15:35]} {[%emt 00:03:08]} 17. Re3 {[%clk
00:59:37]} {[%emt 00:00:47]} Qc2 {[%clk 01:15:12]} {[%emt 00:00:53]} 18. Bb2
{[%clk 00:58:51]} {[%emt 00:01:16]} Bb6 {[%clk 01:14:13]} {[%emt 00:01:29]} 19.
Rc3 {[%clk 00:57:10]} {[%emt 00:02:12]} Qg6 {[%clk 01:13:50]} {[%emt 00:00:53]}
20. Nxc4 {[%clk 00:55:39]} {[%emt 00:02:01]} Bc7 {[%clk 01:13:52]} {[%emt
00:00:28]} 21. b5 {[%clk 00:49:14]} {[%emt 00:06:55]} Rd8 {[%clk 01:12:52]}
{[%emt 00:01:31]} 22. Qxa7 {[%clk 00:44:19]} {[%emt 00:05:25]} Bb8 {[%clk
01:12:55]} {[%emt 00:00:28]} 23. Qc5 {[%clk 00:44:29]} {[%emt 00:00:18]} cxb5
{[%clk 01:12:28]} {[%emt 00:00:58]} 24. Ba3 {[%clk 00:35:58]} {[%emt 00:09:01]}
Qf7 {[%clk 01:11:48]} {[%emt 00:01:09]} 25. Qxb5 {[%clk 00:34:03]} {[%emt
00:02:27]} Bd7 {[%clk 01:12:09]} {[%emt 00:00:07]} 26. Qxb8 {[%clk 00:32:57]}
{[%emt 00:01:37]} Rxb8 {[%clk 01:11:06]} {[%emt 00:01:32]} 27. Nd6 {[%clk
00:33:19]} {[%emt 00:00:08]} Kf8 {[%clk 01:11:35]} {[%emt 00:00:02]} 28. Nxf7
{[%clk 00:33:26]} {[%emt 00:00:23]} Kxf7 {[%clk 01:12:03]} {[%emt 00:00:02]}
29. h3 {[%clk 00:30:04]} {[%emt 00:03:52]} 1-0